Boletin Juridico Allen & Overy (Registro nro. 159937)
[ vista simple ]
| 000 -LEADER | |
|---|---|
| fixed length control field | 01106ny a22002653n 4500 |
| 008 - FIXED-LENGTH DATA ELEMENTS--GENERAL INFORMATION | |
| fixed length control field | 080924s2005 sp br s 000 a0spa c |
| 035 ## - | |
| -- | 739 |
| 040 ## - CATALOGING SOURCE | |
| Original cataloging agency | UMA.RE |
| Modifying agency | vlex |
| 080 ## - | |
| -- | 34(460)(0.034) |
| 090 ## - | |
| -- | 1468 |
| -- | 1468 |
| 245 00 - TITLE STATEMENT | |
| Title | Boletin Juridico Allen & Overy |
| Medium | [Recurso electrónico] |
| 256 ## - | |
| -- | Servicio en línea |
| 260 ## - PUBLICATION, DISTRIBUTION, ETC. (IMPRINT) | |
| Place of publication, distribution, etc | [London] [etc.] : |
| Name of publisher, distributor, etc | Allen & Overy |
| 310 ## - | |
| -- | Bimestral |
| 506 1# - RESTRICTIONS ON ACCESS NOTE | |
| Terms governing access | Contenido solo disponible en los productos indicados |
| Authorized users | vLex Global |
| -- | vLex Global (Academic Edition, excluding Law Schools) |
| -- | vLex Global (U.S. Academic Edition, Law Schools) |
| -- | vLex Global (U.S. Academic Edition, excluding Law Schools) |
| -- | vLex Global (Academic Edition, Law Schools) |
| 650 07 - SUBJECT ADDED ENTRY--TOPICAL TERM | |
| Topical term or geographic name as entry element | Tributario |
| Source of heading or term | Tesauro vLex |
| 650 07 - SUBJECT ADDED ENTRY--TOPICAL TERM | |
| Topical term or geographic name as entry element | Actividad crediticia |
| Source of heading or term | Tesauro vLex |
| 650 07 - SUBJECT ADDED ENTRY--TOPICAL TERM | |
| Topical term or geographic name as entry element | Mercados financieros |
| Source of heading or term | Tesauro vLex |
| 650 07 - SUBJECT ADDED ENTRY--TOPICAL TERM | |
| Topical term or geographic name as entry element | Mercado de capitales |
| Source of heading or term | Tesauro vLex |
| 740 0# - | |
| -- | vLex Revista (Servicios en línea) |
| 853 ## - | |
| -- | 1 |
| -- | (year) |
| -- | (month) |
| -- | (day) |
| 856 ## - LOCALIZACIÓN Y ACCESO ELECTRÓNICO | |
| Identificador Uniforme del Recurso (URI/URL) | https://app.vlex.com/#/sources/allen-overy-boletin-juridico-739 |
| 942 ## - | |
| -- | RAA |
| 999 ## - | |
| -- | 159937 |
| -- | 159937 |
No hay ítems disponibles.